000 00427nam a2200157Ia 4500
003 GCL
008 140319s9999 xx 000 0 eng d
040 _aGCL /
_cGCL
082 0 4 _a338.7091724
_bG H
100 1 _aGLEN,JACK
245 1 0 _aHOW FIRMS IN DEVELOPING COUNTRIES MANAGE RISK ? /
_cGLEN,JACK
260 _a[S.N] :
_bTHE WORLD BANK ،
_c1993
300 _a33 P
650 0 4 _aCOMPUTER PROGRAM LANGUAGE
942 _2ddc
_cBK
999 _c17042
_d17042